Statystyki dla Polskie dwutysięczniki

Kliknij tutaj aby rozwiązać quiz!

Ogólne statystyki

  • Ten quiz został rozwiązany 27 razy
  • Średni wynik to 18 z 71

Statystyki odpowiedzi

Wysokość (m n.p.m.)Nazwa szczytu% Poprawnych
2430Niżnie Rysy
100%
2499Rysy
100%
2291Kozi Wierch
65%
2438Mięguszowiecki Szczyt
65%
2410Mięguszowiecki Szczyt Czarny
65%
2393Mięguszowiecki Szczyt Pośredni
65%
2301Świnica
57%
2172Szpiglasowy Wierch
57%
2096Małołączniak
48%
2234Pośredni Granat
48%
2225Skrajny Granat
48%
2291Żabi Koń
48%
2240Zadni Granat
48%
2096Ciemniak
43%
2123Krzesanica
43%
2012Beskid
39%
2005Kopa Kondracka
39%
2176Starorobociański Wierch
39%
2064Wołowiec
35%
2137Jarząbczy Wierch
30%
2155Kościelec
30%
2228Mały Kozi Wierch
30%
2068Mnich
30%
2146Żabi Mnich
30%
2162Zadni Kościelec
30%
2172Zadni Mnich
30%
2376Cubryna
22%
2002Kończysty Wierch
22%
2014Mała Koszysta
22%
2145Mały Wołoszyn
22%
2175Orla Baszta
22%
2117Pośredni Wołoszyn
22%
2193Wielka Koszysta
22%
2155Wielki Wołoszyn
22%
2087Żółta Turnia
22%
2126Kamienista
17%
2233Miedziane
17%
2262Niebieska Turnia
17%
2097Skrajna Turnia
17%
2336Żabia Turnia Mięguszowiecka
17%
2098Żabi Szczyt Niżni
17%
2259Żabi Szczyt Wyżni
17%
2242Buczynowa Strażnica
13%
2377Hińczowa Turnia
13%
2266Kozie Czuby
13%
2172Mała Buczynowa Turnia
13%
2115Opalony Wierch
13%
2128Pośrednia Turnia
13%
2182Wielka Buczynowa Turnia
13%
2373Wołowa Turnia
13%
2247Zawratowa Turnia
13%
2280Gąsienicowa Turnia
9%
2065Gładki Wierch
9%
2105Kołowa Czuba
9%
2045Mniszek
9%
2068Smreczyński Wierch
9%
2156Walentkowy Wierch
9%
2135Wierch pod Fajki
9%
2126Buczynowe Czuby
4%
2142Ciemnosmreczyńska Turnia
4%
2242Czarne Ściany
4%
2159Kazalnica Mięguszowiecka
4%
2189Waksmundzki Wierch
4%
2095Żabia Lalka
4%
2179Zamarła Turnia
4%
2090Mnichowa Kopa
0%
2055Niżni Kostur
0%
2092Skrajny Wołoszyn
0%
2252Spadowa Kopa
0%
2083Wyżni Kostur
0%
2080Żabia Czuba
0%

Rozkład punktacji

Percentyl według liczby udzielonych odpowiedzi

Procent ludzi z każdym wynikiem

Twoja historia wyników

Nie rozwiązałeś tego quizu